000 00432nam a22001697a 4500
003 CEME
005 20210628204120.0
008 210106b xxu||||| |||| 00| 0 eng d
020 _a9783902613158
040 _cceme
082 _a629.892 BIO
100 _aHabib, Maki K
_968810
245 _aBioinspiration and robotics, walking and climbing robots
260 _aCROATIA
_bI-TECH
_c2007
300 _aXI, 544P
942 _cBK
_2ddc
999 _c576272
_d576272